| 000 | 00664nam a2200217 a 4500 | ||
|---|---|---|---|
| 999 |
_c2561 _d2561 |
||
| 001 | 2561 | ||
| 003 | BD-JhCC | ||
| 005 | 20171104184246.0 | ||
| 008 | 171104s1958 bg |||| ||a| 000 0 ben d | ||
| 035 | _a(BD-JhCC)2561 | ||
| 040 |
_aBD-JhCC _dBD-JhCC |
||
| 041 | _aben | ||
| 082 |
_a891.4409 _bTRI 1958 |
||
| 100 | _aত্রিপাঠী, দীপ্তি | ||
| 245 |
_aআধুনিক বাংলা কাব্যপরিচয় / _cদীপ্তি ত্রিপাঠী |
||
| 260 |
_aকলকাতা : _bনাভানা, _c1958. |
||
| 300 |
_a399 p. : _c22 cm. |
||
| 650 | _aBengali Literature | ||
| 942 |
_2ddc _cBK |
||